| 000 -LEADER | |
|---|---|
| fixed length control field | 00500nam a22001817a 4500 |
| 005 - DATE AND TIME OF LATEST TRANSACTION | |
| control field | 20210910130646.0 |
| 008 - FIXED-LENGTH DATA ELEMENTS--GENERAL INFORMATION | |
| fixed length control field | 160630b xxu||||| |||| 00| 0 eng d |
| 020 ## - INTERNATIONAL STANDARD BOOK NUMBER | |
| ISBN | 978-81-87972-88-4 |
| 041 ## - LANGUAGE CODE | |
| Language code of text/sound track or separate title | eng |
| 082 ## - DEWEY DECIMAL CLASSIFICATION NUMBER | |
| Item number | 20059 |
| Classification number | 005.45 |
| 100 ## - MAIN ENTRY--AUTHOR NAME | |
| Personal name | Gaonkar ramesh S. |
| 245 ## - TITLE STATEMENT | |
| Title | Microprocessor, architecture, programming & application with the 8085 |
| 250 ## - EDITION STATEMENT | |
| Edition statement | 6th ed. |
| 260 ## - PUBLICATION, DISTRIBUTION, ETC. (IMPRINT) | |
| Name of publisher | penram international publishing |
| 300 ## - PHYSICAL DESCRIPTION | |
| Number of Pages | 807 |
| 650 ## - SUBJECT ADDED ENTRY--TOPICAL TERM | |
| Topical Term | Information Technology |
| 942 ## - ADDED ENTRY ELEMENTS (KOHA) | |
| Koha item type | Books |
| Lost status | Damaged status | Collection code | Home library | Current library | Shelving location | Date acquired | Cost, normal purchase price | Full call number | Accession Number | Koha item type |
|---|---|---|---|---|---|---|---|---|---|---|
| CS/IT | JRU Library | JRU Library | SHELF-51-D | 30/06/2016 | 395.00 | 005.45 | 20059 | Books | ||
| CS/IT | JRU Library | JRU Library | SHELF-51-D | 30/06/2016 | 395.00 | 005.45 | 20060 | Books | ||
| CS/IT | JRU Library | JRU Library | SHELF-51-D | 30/06/2016 | 395.00 | 005.45 | 20061 | Books | ||
| CS/IT | JRU Library | JRU Library | SHELF-51-D | 30/06/2016 | 395.00 | 005.45 | 20062 | Books | ||
| CS/IT | JRU Library | JRU Library | SHELF-51-D | 30/06/2016 | 395.00 | 005.45 | 20063 | Books | ||
| CS/IT | JRU Library | JRU Library | SHELF-51-D | 30/06/2016 | 395.00 | 005.45 | 20064 | Books | ||
| CS/IT | JRU Library | JRU Library | SHELF-51-D | 30/06/2016 | 395.00 | 005.45 | 20065 | Books | ||
| CS/IT | JRU Library | JRU Library | SHELF-51-D | 30/06/2016 | 395.00 | 005.45 | 20066 | Books | ||
| CS/IT | JRU Library | JRU Library | SHELF-51-D | 30/06/2016 | 395.00 | 005.45 | 20067 | Books | ||
| CS/IT | JRU Library | JRU Library | SHELF-51-D | 30/06/2016 | 395.00 | 005.45 | 20068 | Books | ||
| Reference | JRU Library | SHELF-30-C | 30/06/2016 | 395.00 | 005.45 | 20069 | Books | |||
| CS/IT | JRU Library | JRU Library | SHELF-51-D | 30/06/2016 | 395.00 | 005.45 | 20070 | Books | ||
| CS/IT | JRU Library | JRU Library | SHELF-51-D | 30/06/2016 | 395.00 | 005.45 | 20071 | Books | ||
| CS/IT | JRU Library | JRU Library | SHELF-51-D | 30/06/2016 | 395.00 | 005.45 | 20072 | Books | ||
| CS/IT | JRU Library | JRU Library | SHELF-51-D | 30/06/2016 | 395.00 | 005.45 | 20073 | Books |